Quiz o powiecie gorzowskim - Statystyki

Ogólne statystyki
  • Ten quiz został rozwiązany 74 razy
    16 od ostatniego zresetowania
  • Średni wynik to 6 z 11
Statystyki odpowiedzi
Podpowiedź Odpowiedź % Poprawnych
Tablice rejestracyjne FGW
87%
Wieś pod Gorzowem, której część została włączona do tego miasta, ale reszta pozostała samodzielną wsią (nazwij jedną z czterech) Baczyna | Chwalęcice | Karnin | Wieprzyce
67%
Wieś, która nazywa się tak samo, jak miejscowość, z której pochodził Zbyszko z _________ Bogdaniec
67%
Najdłuższa rzeka powiatu Odra
67%
Jedna z gmin wchodzących w skład powiatu, która nie została do tej pory wspomniana Deszczno | Kłodawa | Lubiszyn | Santok | Witnica
60%
Słynny park w Nowinach Wielkich jest poświęcony tej wymarłej grupie zwierząt Dinozaury
60%
Jedyna gmina miejska w powiecie Kostrzyn nad Odrą
53%
Jedyny powiat sąsiadujący z Powiatem Gorzowskim, który leży w województwie innym, niż lubuskie Powiat Myśliborski
47%
Starosta Krzysztof Karwatowicz
27%
Jedyny park krajobrazowy położony na terenie powiatu Barlinecko-Gorzowski
13%
Znajduje się na herbie i fladze powiatu Gwiazda | Klucz
13%
Nie znaleziono quizów pasujących do podanych kryteriów
Rozkład punktacji
Procent ludzi z każdym wynikiem
Percentyl według liczby udzielonych odpowiedzi
Twoja historia wyników
Nie rozwiązałeś tego quizu od ostatniego zresetowania